MARC

LEADER 00000nam0a2200000 4500
001 325171
005 20231102003734.0
035 |a (RuTPU)RU\TPU\book\350782 
035 |a RU\TPU\book\273822 
090 |a 325171 
100 |a 20161130d1980 k y0rusy5003 ca 
101 0 |a rus 
102 |a RU 
105 |a a z 001zy 
200 1 |a Прогрессивные процессы обработки металлов давлением  |e межвузовский сборник  |f Краснодарский политехнический институт 
210 |a Краснодар  |c Изд-во КрПИ  |d 1980 
215 |a 160 с.  |c ил.  |d 21 см 
320 |a Библиогр. в конце ст. 
606 1 |a Металлообработка давлением  |2 stltpush  |3 (RuTPU)RU\TPU\subj\72676  |9 86085 
610 1 |a металлы 
610 1 |a обработка давлением 
610 1 |a технологические режимы 
610 1 |a оптимизация 
610 1 |a горячая прокатка 
610 1 |a прогрессивные методы 
610 1 |a кузнечно-штамповочное производство 
610 1 |a металлокерамическое производство 
610 1 |a прокат 
610 1 |a качество 
610 1 |a пластичность 
610 1 |a деформация 
675 |a 621.73  |z rus  |v 4 
712 0 2 |a Краснодарский политехнический институт  |2 stltpush  |3 (RuTPU)RU\TPU\col\5805 
801 0 |a RU  |b 63413507  |c 19950417  |g psbo 
801 1 |a RU  |b 63413507  |c 20140221 
801 2 |a RU  |b 63413507  |c 20171205  |g RCR 
942 |c BK